|
|
|
|
| LEADER |
00807nam a22001937a 4500 |
| 008 |
160930b xxu||||| |||| 00| 0 eng d |
| 082 |
|
|
|a 894.14
|b SHA
|
| 100 |
|
|
|a ഷാനവാസ്, എം. എ.
|
| 240 |
|
|
|a Athmahathya jeevitham kondu murivettavante vakku
|
| 245 |
|
|
|a ആത്മഹത്യ :
|b ജീവിതം കൊണ്ട് മുറിവേറ്റവന്റെ വാക്ക് /
|
| 250 |
|
|
|a 1st ed.
|
| 260 |
|
|
|a കൊച്ചി :
|b പ്രണത ബുക്സ്,
|c 2004.
|
| 300 |
|
|
|a 288p.
|
| 650 |
|
|
|a Essays
|
| 700 |
|
|
|a Shanavas, M. A.
|
| 700 |
|
|
|a Sajeesh, N. P.
|
| 942 |
|
|
|2 ddc
|c BK
|
| 999 |
|
|
|c 15511
|d 15511
|
| 952 |
|
|
|0 0
|1 0
|2 ddc
|4 0
|6 894_140000000000000_SHA
|7 0
|9 21893
|a MAIN
|b MAIN
|d 2016-09-30
|e Gift
|g 200.00
|l 2
|o 894.14 SHA
|p 22706
|r 2018-05-03
|s 2018-03-19
|t 1
|w 2016-09-30
|y BK
|